Catholic University of Zimbabwe Library
Online Public Access Catalogue
(OPAC)

Vision-Division (Record no. 24120)

MARC details
000 -LEADER
fixed length control field 01899cam a22005294a 4500
001 - CONTROL NUMBER
control field muse8854
003 - CONTROL NUMBER IDENTIFIER
control field MdBmJHUP
005 - DATE AND TIME OF LATEST TRANSACTION
control field 20210127150948.0
006 - FIXED-LENGTH DATA ELEMENTS--ADDITIONAL MATERIAL CHARACTERISTICS
fixed length control field m o d
007 - PHYSICAL DESCRIPTION FIXED FIELD--GENERAL INFORMATION
fixed length control field cr||||||||nn|n
008 - FIXED-LENGTH DATA ELEMENTS--GENERAL INFORMATION
fixed length control field 050621s2004 onc o 00 0 fre d
010 ## - LIBRARY OF CONGRESS CONTROL NUMBER
Canceled/invalid LC control number 2005415487
020 ## - INTERNATIONAL STANDARD BOOK NUMBER
International Standard Book Number 9782760317406
020 ## - INTERNATIONAL STANDARD BOOK NUMBER
International Standard Book Number 2760317404
020 ## - INTERNATIONAL STANDARD BOOK NUMBER
Canceled/invalid ISBN 2760305813
020 ## - INTERNATIONAL STANDARD BOOK NUMBER
Canceled/invalid ISBN 9782760305816
035 ## - SYSTEM CONTROL NUMBER
System control number (OCoLC)144082397
040 ## - CATALOGING SOURCE
Original cataloging agency MdBmJHUP
Transcribing agency MdBmJHUP
041 0# - LANGUAGE CODE
Language code of text/sound track or separate title fre
-- eng
050 04 - LIBRARY OF CONGRESS CALL NUMBER
Classification number PQ3919.2.H87
Item number Z92 2004
082 0# - DEWEY DECIMAL CLASSIFICATION NUMBER
Classification number 843/.914
Edition number 22
245 00 - TITLE STATEMENT
Title Vision-Division
Remainder of title L'oeuvre de Nancy Huston /
Statement of responsibility, etc. sous la direction de Marta Dvořák et Jane Koustas.
264 #1 - PRODUCTION, PUBLICATION, DISTRIBUTION, MANUFACTURE, AND COPYRIGHT NOTICE
Name of producer, publisher, distributor, manufacturer Presses de l'Universite d'Ottawa,
264 #3 - PRODUCTION, PUBLICATION, DISTRIBUTION, MANUFACTURE, AND COPYRIGHT NOTICE
Name of producer, publisher, distributor, manufacturer Project MUSE,
300 ## - PHYSICAL DESCRIPTION
Extent 1 online resource (xxii, 136 p.)
490 0# - SERIES STATEMENT
Series statement Collection internationale d'etudes canadiennes,
International Standard Serial Number 1489-713X = International Canadian studies series
504 ## - BIBLIOGRAPHY, ETC. NOTE
Bibliography, etc. note Includes bibliographical references.
506 0# - RESTRICTIONS ON ACCESS NOTE
Terms governing access Open Access
Standardized terminology for access restriction Unrestricted online access
Source of term star
546 ## - LANGUAGE NOTE
Language note French and English.
588 ## - SOURCE OF DESCRIPTION NOTE
Source of description note Description based on print version record.
600 11 - SUBJECT ADDED ENTRY--PERSONAL NAME
Personal name Huston, Nancy,
Dates associated with a name 1953-
General subdivision Criticism and interpretation.
650 #0 - SUBJECT ADDED ENTRY--TOPICAL TERM
Topical term or geographic name entry element Hypocrisy in literature.
650 #0 - SUBJECT ADDED ENTRY--TOPICAL TERM
Topical term or geographic name entry element Doubles in literature.
655 #7 - INDEX TERM--GENRE/FORM
Genre/form data or focus term Electronic books.
Source of term local
700 1# - ADDED ENTRY--PERSONAL NAME
Personal name Koustas, Jane,
Dates associated with a name 1954-
700 1# - ADDED ENTRY--PERSONAL NAME
Personal name Dvorak, Marta.
710 2# - ADDED ENTRY--CORPORATE NAME
Corporate name or jurisdiction name as entry element Project Muse.
Relator term distributor
830 #0 - SERIES ADDED ENTRY--UNIFORM TITLE
Uniform title International Canadian studies series.
830 #0 - SERIES ADDED ENTRY--UNIFORM TITLE
Uniform title Book collections on Project MUSE.
856 40 - ELECTRONIC LOCATION AND ACCESS
Public note Full text available:
Uniform Resource Identifier <a href="https://muse.jhu.edu/book/12448/">https://muse.jhu.edu/book/12448/</a>
945 ## - LOCAL PROCESSING INFORMATION (OCLC)
a Project MUSE - Archive Literature Foundation
945 ## - LOCAL PROCESSING INFORMATION (OCLC)
a Project MUSE - Archive Complete Foundation
Holdings
Withdrawn status Lost status Source of classification or shelving scheme Damaged status Not for loan Home library Current library Shelving location Date acquired Total Checkouts Full call number Date last seen Uniform Resource Identifier Price effective from Koha item type
          Digital Library Digital Library Online Access 27.01.2021   PQ3919.2.H87 Z92 2004 27.01.2021 https://muse.jhu.edu/book/12448/ 27.01.2021 eBook

OPENING HOURS

Weekdays: 0815hrs - 1800hrs
Weekends:0900hrs - 1200hrs

Closed for Mass:

Mon, Thur: 1200hrs - 1300hrs
Sunday & Public Holiday’s

CALL SUPPORT

0242-570570, 0242-570169
09200664, +263 8644140602

LOCATION

18443, Cranborne Avenue, Hatfield, Harare

Other Links


©2021 | CUZ Library